| 000 | 00575nam a2200217Ia 4500 | ||
|---|---|---|---|
| 005 | 20230401141158.0 | ||
| 008 | 230125s9999 xx 000 0 und d | ||
| 020 | _a978-81-321-1343 | ||
| 041 | _aeng | ||
| 082 |
_a330 _bKAU |
||
| 100 |
_aKaul V _9114200 |
||
| 245 | _aEasy Money Evolution of the Global Financial System to the Great Bubble Burst | ||
| 260 |
_c2014 _bSage publication _aNew Delhi |
||
| 300 | _a325p | ||
| 500 | _aEconomics | ||
| 650 | _aEconomics | ||
| 700 |
_aKaul V _9114200 |
||
| 906 | _b106.25 | ||
| 942 | _cBK | ||
| 999 |
_c94040 _d94040 |
||